[Event "Tel Aviv"]
[Site "Tel Aviv"]
[Date "1992.??.??"]
[Round "7"]
[White "Beim, Valery"]
[Black "Rechlis, Gad"]
[Result "0-1"]
[WhiteElo "2485"]
[BlackElo "2515"]
[Annotator "Horn,Pe"]
[PlyCount "73"]
[EventDate "1992.04.??"]
[EventType "tourn"]
[EventRounds "11"]
[EventCountry "ISR"]
[EventCategory "11"]
[SourceTitle "CBM 030"]
[Source "ChessBase"]
[SourceDate "1992.10.01"]
[SourceVersion "1"]
[SourceVersionDate "1992.10.01"]
[SourceQuality "1"]

1. g3 e5 2. d3 d5 3. Nf3 Nc6 4. Bg2 g6 5. O-O Bg7 6. c3 (6. e4 Nge7 7. Nc3 $13)
6... a5 7. e4 Nge7 8. Na3 O-O 9. Re1 Re8 10. Qc2 h6 11. b3 Be6 12. exd5 Nxd5
13. Bb2 Qd7 14. Nc4 Bh3 15. Ne3 (15. Bh1 Nf4) 15... Bxg2 16. Nxg2 (16. Kxg2
Nf4+ (16... Rad8 $15) 17. gxf4 exf4 18. h3 fxe3 19. fxe3 f5 $15) 16... Rad8 17.
Rad1 f5 18. a3 g5 19. c4 Nb6 20. Bc3 Qf7 21. h4 (21. b4 $2 e4 22. dxe4 Rxd1 23.
Rxd1 Qxc4 $19) 21... g4 22. Nh2 h5 23. f3 $1 Bf8 (23... gxf3 24. Nxf3 {/\ Ng5})
24. Rf1 Qg6 (24... Bxa3 $2 25. fxg4 hxg4 26. Nxg4) 25. fxg4 fxg4 26. Bb2 Rd7
27. c5 $6 (27. Qe2 $5 {/\ Ne3} Red8 $6 28. Bxe5 Rxd3 (28... Nxe5 29. Qxe5 Rxd3
30. Nf4 Rxg3+ 31. Kh1) 29. Nf4 Rxg3+ 30. Kf2) 27... Nd5 {danke} 28. Qc4 Kh7 29.
Kh1 Red8 30. Rd2 Bg7 31. Rdf2 Nf6 32. Rf5 $5 (32. Ne1) 32... Rxd3 33. Rg5 $2 (
33. Bxe5 Nxe5 (33... Rd1 34. Ne3 Rxf1+ 35. Nhxf1 Nxe5 36. Rxe5) 34. Rxe5 Rd1 (
34... Rxg3 $2 35. Nf4 $16) 35. Ne3 Rxf1+ 36. Nhxf1 Qd3 $13) 33... Qe8 34. Nf4
$2 exf4 35. Qxf4 Nd4 $19 36. Rxg7+ Kxg7 37. Qxf6+ 0-1

[Event "Haninge"]
[Site "Haninge"]
[Date "1992.??.??"]
[Round "4"]
[White "Kengis, Edvins"]
[Black "Hector, Jonny"]
[Result "1-0"]
[WhiteElo "2575"]
[BlackElo "2535"]
[Annotator "Horn,Pe"]
[PlyCount "93"]
[EventDate "1992.05.??"]
[EventType "schev"]
[EventRounds "5"]
[EventCountry "SWE"]
[SourceTitle "CBM 030"]
[Source "ChessBase"]
[SourceDate "1992.10.01"]
[SourceVersion "1"]
[SourceVersionDate "1992.10.01"]
[SourceQuality "1"]

1. Nf3 d5 2. g3 c6 3. Bg2 Bg4 4. O-O Nd7 5. d4 e6 6. Nbd2 f5 $6 7. c4 Bd6 (7...
Ngf6 8. Qb3 (8. Ng5 $5) 8... b6 $6 (8... Rb8 9. cxd5 exd5 10. Qd3 $36) 9. Qa4
Rc8 10. Qxa7 $16 {Haakert-Oechler, BRD 1964}) 8. Qb3 $1 Rb8 9. cxd5 exd5 (9...
cxd5 10. Qe3 Qe7 11. Ng5 $18) 10. Qd3 $1 {><f5} Nh6 (10... Qf6 11. e4 $1 Bxf3 (
11... fxe4 12. Nxe4 dxe4 13. Qxe4+ $18) 12. e5 Qe6 13. Nxf3 Be7 14. b4 $16 {
Norwood-King, London WFW 1988}) (10... Ngf6 11. h3 Bxf3 12. exf3 $16) (10...
Ne7 11. Ng5 $16) 11. Nb3 Qf6 (11... O-O 12. Bxh6 gxh6 13. e3 $16) 12. Bg5 Qe6
$6 (12... Qg6 $5 13. Qe3+ Kf7 14. Ne5+ $16) 13. Nc5 $1 Bxc5 (13... Nxc5 14.
dxc5 Bc7 (14... Bxc5 15. Qc3 Bf8 16. Bxh6 Qxh6 17. Qe5+ $18) 15. Nd4 $18) 14.
dxc5 Bxf3 (14... Nxc5 15. Qc3 $16) (14... O-O 15. Nd4 Qg6 16. Be7 Rf7 17. Bd6
$16) 15. exf3 {/\ Rfe1} O-O 16. Rfe1 Qg6 17. Bf4 Rbc8 $6 (17... Rbe8 18. Bd6
$16) (17... Nxc5 $4 18. Qd4 $18) (17... Ra8 $16) 18. Qa3 $1 b6 $6 (18... a6 19.
Qb4 $18) (18... Ra8 $16) 19. b4 (19. Qxa7 $6 Nxc5 20. Qxb6 Nd3) 19... Rf7 (
19... Ra8 20. Re7 Rf7 21. Rae1 $16) 20. Qxa7 Nxc5 21. Qxb6 Nd3 22. Qa6 $18 Nxe1
23. Qxc8+ Rf8 24. Qa6 Nc2 25. Rc1 Nxb4 26. Qa3 c5 27. Rxc5 Qb6 28. Qa5 Qxa5 29.
Rxa5 Rd8 30. Bd2 Nc6 31. Rc5 Ne7 32. Bg5 Kf7 33. a4 Nhg8 34. a5 h6 35. Bd2 Rc8
36. Rxc8 Nxc8 37. Be3 Nge7 38. a6 Nc6 39. f4 Ke6 40. Bc5 g6 41. Kf1 N8a7 42.
Ke1 Nb5 43. Kd2 Nc7 44. a7 Na5 45. Kc3 Nb7 46. Bb6 Na8 47. Kd4 1-0

[Event "Bern zt"]
[Site "Bern"]
[Date "1990.??.??"]
[Round "15"]
[White "Hug, Werner"]
[Black "Wahls, Matthias"]
[Result "1/2-1/2"]
[WhiteElo "2445"]
[BlackElo "2565"]
[Annotator "Horn,Pe"]
[PlyCount "59"]
[EventDate "1990.01.??"]
[EventType "tourn"]
[EventRounds "15"]
[EventCountry "SUI"]
[EventCategory "9"]
[SourceTitle "CBM 017"]
[Source "ChessBase"]
[SourceDate "1990.08.01"]
[SourceVersion "1"]
[SourceVersionDate "1990.08.01"]
[SourceQuality "1"]

1. Nf3 Nf6 2. g3 g6 3. Bg2 Bg7 4. O-O O-O 5. d3 d5 6. Nbd2 d4 $5 7. Nc4 c5 8.
a4 {N} (8. e4 b5 9. Ncd2 Bb7 10. Qe2 Nc6 11. e5 Nd5 {Speckner-Wahls, BL 86/87})
8... Nd5 9. Nfd2 Nc6 10. e4 dxe3 11. fxe3 b6 12. Qf3 Be6 13. Ne4 h6 14. Nf2 {
/\ c3,e4} Qd7 15. c3 Rac8 16. Qe2 Nf6 17. e4 (17. h3 $2 Nh5) 17... Rfd8 18. Bf4
Ng4 19. Nxg4 Bxg4 20. Bf3 Be6 21. Rad1 Qe8 22. Bg4 Qd7 23. Bxe6 Qxe6 24. Rf3
Rd7 25. Rdf1 Rf8 26. Bc1 Rb7 27. R3f2 Qd7 28. Qc2 Rbb8 29. Bf4 Rbd8 30. Rf3
1/2-1/2

[Event "Bern zt"]
[Site "Bern"]
[Date "1990.??.??"]
[Round "13"]
[White "Hug, Werner"]
[Black "Brestian, Egon"]
[Result "1/2-1/2"]
[WhiteElo "2445"]
[BlackElo "2470"]
[Annotator "Horn,Pe"]
[PlyCount "39"]
[EventDate "1990.01.??"]
[EventType "tourn"]
[EventRounds "15"]
[EventCountry "SUI"]
[EventCategory "9"]
[SourceTitle "CBM 017"]
[Source "ChessBase"]
[SourceDate "1990.08.01"]
[SourceVersion "1"]
[SourceVersionDate "1990.08.01"]
[SourceQuality "1"]

1. Nf3 Nf6 2. g3 d5 3. Bg2 c6 4. O-O Bf5 5. d3 Nbd7 6. b3 (6. Nh4 $5 Bg6 (6...
Bg4 7. h3 Bh5 8. g4 Bg6) 7. e4 dxe4 8. Nxg6 hxg6 9. dxe4 e5 10. Nd2 Bc5 11. a4
O-O $6 (11... a5 $5) 12. Nb3 Be7 13. Be3 $14 {Savon-Gligoric, Moskau GMA-op
1989}) (6. Nbd2 e5 7. b3 (7. e4 dxe4 8. dxe4 Nxe4 9. Re1 Nxd2 10. Nxe5 Nxe5 11.
Rxe5+ Be6 12. Bxd2 Bd6 $10 {Bjarnason-Thorhallsson, Reykjavik 1989}) (7. Re1
Be7 8. e4 dxe4 9. dxe4 Bg6 10. b3 O-O 11. Bb2 Bc5 $1 $13 {Shneider-Drasko,
Belgrade GMA-op 1989}) (7. Qe1 Bc5 8. e4 dxe4 9. dxe4 Bg6 10. Nc4 Qe7 11. Nh4
O-O $13 {Vaganian-P.Nikolic, Leningrad 1987}) 7... Bc5 8. Bb2 Qe7 9. Nh4 Bg4 (
9... Bg6 $5) 10. h3 g5 11. Nhf3 $14 {Miles-Perecz, Dortmund 1979}) 6... e5 7.
Bb2 Bd6 8. Nbd2 O-O 9. Nh4 Bg6 10. Nxg6 hxg6 11. e4 dxe4 12. Nxe4 (12. dxe4 $5)
12... Nxe4 13. dxe4 Qe7 14. a4 Rfd8 15. Qe2 Nf8 16. Rfd1 Bc5 17. Rxd8 (17. a5
$5) 17... Rxd8 18. Rd1 Rd6 19. Rxd6 Qxd6 20. Bh3 1/2-1/2

[Event "YUG-ch"]
[Site "Kladovo"]
[Date "1990.??.??"]
[Round "?"]
[White "Damljanovic, Branko"]
[Black "Kosic, Dragan"]
[Result "1/2-1/2"]
[WhiteElo "2535"]
[BlackElo "2415"]
[Annotator "Horn,Pe"]
[PlyCount "155"]
[EventDate "1990.02.??"]
[EventType "tourn"]
[EventRounds "15"]
[EventCountry "YUG"]
[EventCategory "9"]
[SourceTitle "CBM 017"]
[Source "ChessBase"]
[SourceDate "1990.08.01"]
[SourceVersion "1"]
[SourceVersionDate "1990.08.01"]
[SourceQuality "1"]

1. Nf3 d5 2. g3 c6 3. Bg2 Bg4 4. d3 Nd7 5. Nbd2 e6 6. O-O Bd6 7. e4 Ne7 8. h3
Bh5 9. Nb3 {N} (9. Qe1 O-O 10. b3 a5 11. e5 (11. a3 b5 12. Bb2 Qb6 13. e5 Bc7
14. a4 Rac8 $10 {Sullivan-Medina, Strasbourg 1975}) 11... Bb4 12. Bb2 Bxf3 13.
Bxf3 Ng6 $10 {Bleiman-Pachman, Netanya 1975}) (9. d4 O-O 10. c3 Bc7 11. Re1 Re8
$10 {Smejkal-Chernin, New York op 1988}) (9. Qe2 O-O (9... Qc7 $6 10. b3 O-O-O
$6 11. Bb2 f6 12. c4 $14 {Kochiev-Lukashkin, Leningrad 1973}) 10. Re1 Kh8 11.
d4 Rc8 12. c4 c5 $132 {D.Byrne-Smyslov, Lugano ol 1968}) (9. b3 O-O 10. Bb2 a5
(10... Rc8 11. Qe1 c5 12. Nh4 Qb6 13. Qe3 Rfe8 $2 (13... d4) 14. Qg5 $1 $18 {
Portisch-Ivkov, Amsterdam 1969}) (10... Ne5 11. g4 Nxf3+ 12. Qxf3 Bg6 13. h4 h6
14. h5 Bh7 $14) 11. a3 b5 12. g4 Bg6 13. e5 Bc7 14. Qe2 c5 $132 {Kengis-Smagin,
URS 1988}) (9. exd5 cxd5 10. c4 O-O 11. d4 Nc6 12. cxd5 exd5 $10 {
D'Amore-Winants, EU-chT Haifa 1990}) 9... Ne5 (9... O-O) 10. Qe2 Bxf3 11. Bxf3
Nxf3+ 12. Qxf3 O-O 13. Kg2 dxe4 $6 14. dxe4 e5 15. Rd1 Qc7 16. Be3 Rad8 17. Qe2
Nc8 18. a4 Be7 19. a5 $14 {W hat Raumvorteil und die besser postierten Figuren.
Da aber noch keine Schwächen vorhanden sind, ist der Vorteil nicht einfach zu
verwerten.} Rxd1 20. Rxd1 Rd8 21. Ra1 {Da die Einbruchsfelder in der d-Linie
zuverlässig geschützt sind, ist W am Abtausch der R nicht interessiert.} g6 22.
h4 $36 h5 23. g4 hxg4 24. Qxg4 Qd7 25. Qg3 Qe6 26. h5 Kg7 27. Rh1 b6 28. Nd2
Nd6 29. Nf3 (29. axb6 $5 axb6 30. Nf3 $5 {man vergleiche die entstandene
Stellung mit der Partiefortsetzung} (30. Bxb6 Rb8)) 29... bxa5 (29... Nxe4 $2
30. Qxe5+ Qxe5 31. Nxe5 c5 32. h6+) 30. Qxe5+ Qxe5 31. Nxe5 Bf6 $1 32. h6+ Kh7
33. Ng4 (33. Nxc6 Rc8) 33... Be7 $1 (33... Bxb2 34. e5 Nf5 35. Bg5 Rb8 36. Nf6+
Kh8 37. Nd7 Rb7 38. h7) 34. Bc5 f5 35. Ne5 Re8 36. Nxc6 Bf8 37. e5 Nf7 38. Bxf8
Rxf8 39. f4 Nxh6 40. Nd4 Rd8 41. c3 Rb8 42. b3 Rc8 43. c4 (43. Ra1 $5 Rxc3 44.
Rxa5 Rc7) 43... a4 44. bxa4 (44. Ra1 Rd8) 44... Rxc4 45. Ne6 Rxa4 46. Rc1 Ra2+
47. Kg3 Ra3+ 48. Kh4 Ng4 49. Rc7+ Kg8 50. Rg7+ Kh8 51. Rxg6 Re3 52. Ng5 Re1 53.
Nf7+ Kh7 54. Ra6 Kg7 55. Rxa7 Kg6 56. Nh8+ Kh6 57. Nf7+ Kg6 58. Nh8+ Kh6 59.
Ra6+ Kg7 60. Ng6 Ne3 61. Kh5 Rh1+ 62. Kg5 Rg1+ 63. Kh5 Rh1+ 64. Nh4 Kf7 65.
Rf6+ Ke7 66. Rg6 Kf7 67. Rh6 Rh3 68. Rf6+ Ke7 69. Rg6 Kf7 70. Rg1 Nd5 71. Kg5
Nxf4 72. Nxf5 Nd3 73. Rb1 Nxe5 74. Rb7+ Ke6 75. Rb6+ Kd7 76. Rd6+ Kc7 77. Re6
Nd7 78. Re1 1/2-1/2

[Event "Salamanca"]
[Site "Salamanca"]
[Date "1990.??.??"]
[Round "5"]
[White "Izeta Txabarri, Felix"]
[Black "Rodriguez Vargas, Orestes"]
[Result "1/2-1/2"]
[WhiteElo "2380"]
[BlackElo "2500"]
[Annotator "Horn,Pe"]
[PlyCount "108"]
[EventDate "1990.02.??"]
[EventType "tourn"]
[EventRounds "9"]
[EventCountry "ESP"]
[EventCategory "9"]
[SourceTitle "CBM 018"]
[Source "ChessBase"]
[SourceDate "1990.10.01"]
[SourceVersion "1"]
[SourceVersionDate "1990.10.01"]
[SourceQuality "1"]

1. Nf3 d5 2. b3 Bg4 3. Bb2 Nd7 4. g3 Ngf6 5. Bg2 e6 6. O-O a5 7. a4 Be7 8. d3
O-O 9. Nbd2 Bxf3 $6 10. Bxf3 c6 11. e4 Qc7 12. Qe2 dxe4 13. dxe4 e5 14. Nc4 $14
Rfe8 15. Bg2 Bc5 16. Rad1 b5 17. axb5 cxb5 18. Na3 Bxa3 $6 (18... b4 19. Nc4
Nb6) 19. Bxa3 b4 20. Bb2 a4 21. Kh1 Rac8 22. Rd2 axb3 (22... a3 23. Ba1) 23.
cxb3 Nc5 24. Qe3 Ng4 25. Qf3 Nf6 26. Rc2 Qb7 (26... Nfxe4 $2 27. Qe3 Nc3 28.
Bxc3 Nxb3 (28... bxc3 29. Rxc3) 29. Rb2) 27. Rc4 Nfd7 28. Rfc1 $16 Ne6 29. Qe3
Rxc4 30. Rxc4 Rc8 31. Bf1 Ra8 32. Qe1 Rb8 33. f3 h5 34. Qd2 h4 35. Bh3 hxg3 36.
hxg3 {/\ 37.Bxe6 fxe6 38.Qd6} Nb6 37. Bxe6 fxe6 38. Rxb4 Qc7 39. Qc3 Qf7 40.
Kg2 Rc8 41. Qd3 Qc7 42. Bxe5 Qxe5 43. Rxb6 $18 Ra8 44. Qb5 $6 (44. Rc6 $18)
44... Qb2+ 45. Kh3 Qf6 46. Rb8+ Rxb8 47. Qxb8+ Kh7 48. f4 (48. Qf4 Qc3 $16)
48... Qa1 49. Qb5 (49. Qe5 Qh1+ 50. Kg4 Qd1+ 51. Kg5 Qf3 52. g4 Qxb3) 49...
Qh1+ 50. Kg4 Qd1+ 51. Kg5 Qf3 52. Kh4 (52. g4 $5 Qxe4 53. Qe5 Qg6+ 54. Kh4 $16
Qc2 55. Qxe6 Qh2+ 56. Kg5) 52... Qh1+ 53. Kg4 (53. Kg5 $5) 53... Qd1+ 54. Kh4
Qh1+ 1/2-1/2

[Event "Bern zt"]
[Site "Bern"]
[Date "1990.??.??"]
[Round "2"]
[White "Fauland, Alexander"]
[Black "Soffer, Ram"]
[Result "1-0"]
[WhiteElo "2480"]
[BlackElo "2440"]
[Annotator "Horn,Pe"]
[PlyCount "121"]
[EventDate "1990.01.??"]
[EventType "tourn"]
[EventRounds "15"]
[EventCountry "SUI"]
[EventCategory "9"]
[SourceTitle "CBM 017"]
[Source "ChessBase"]
[SourceDate "1990.08.01"]
[SourceVersion "1"]
[SourceVersionDate "1990.08.01"]
[SourceQuality "1"]

1. Nf3 d5 2. g3 c6 3. b3 Bg4 4. Bb2 Nd7 5. Bg2 Ngf6 6. O-O e6 7. d3 a5 8. Nbd2
{N} (8. a3) 8... a4 {nimmt die Provokation an} 9. e4 a3 10. Bc3 dxe4 11. dxe4
Qc7 12. h3 Bxf3 (12... Bh5 13. g4 Bg6 14. Nh4) 13. Qxf3 e5 14. g4 h6 15. Qg3 {
/\ Nc4} b5 16. Rad1 $14 Bc5 17. Rfe1 O-O-O $6 {kostet einen Bauern} (17... O-O)
18. b4 $1 $16 Bd6 19. Nb1 $1 Kb7 20. Nxa3 Ra8 21. Bd2 Ra4 22. Qb3 Rha8 23. Nb1
Nb6 (23... Rxa2 24. Qxf7 Rxc2 25. Qxg7 Raa2 26. Qxh6) 24. a3 Nc4 25. Bc1 Nd7
26. Qf3 Ndb6 27. Rd3 Rf8 28. Red1 Raa8 29. Bf1 Be7 30. Nd2 Nxd2 31. Bxd2 Rad8
32. Bc3 Bf6 33. Qf5 Rxd3 34. Rxd3 Qe7 35. Rd1 g6 36. Qf3 Bg5 37. Be1 Bf4 38.
Qb3 Ra8 39. Qc3 (39. f3 $5 {/\ Bf2}) 39... h5 40. Qc5 Qc7 41. c4 Na4 42. Qd6
Nb2 43. cxb5 Nxd1 44. bxc6+ Qxc6 45. Qxd1 hxg4 (45... Rxa3 46. gxh5 gxh5 47.
Qxh5 Qd7 48. Kg2 $13) 46. b5 Qe6 47. Bb4 $5 (47. hxg4 Rxa3) 47... g3 (47...
gxh3 48. Bxh3 $5 Qxh3 49. Qd5+) 48. fxg3 Be3+ (48... Bxg3 49. a4 Rc8 50. a5 Bf4
51. Qe2) 49. Kg2 Bd4 50. Be2 Qa2 51. Kf3 g5 52. Qd3 g4+ 53. hxg4 Qa1 54. Bf1
Qa2 55. g5 Qf2+ 56. Kg4 Rc8 57. b6 Bxb6 58. Bd6 Rc2 59. Bxe5 Qc5 (59... Kc8 60.
Qa6+ Kd8 (60... Kd7 61. Qb7+ Ke6 (61... Ke8 62. Bb5+ Kf8 63. Qb8+ Ke7 64. Qd6#)
62. Qd5+ Ke7 63. Bf6+) 61. Bf6+ Ke8 62. Bb5+ Kf8 63. Qa8+) 60. Qa6+ Kc6 61.
Qc8+ 1-0

[Event "Julian Borowski-B 2nd"]
[Site "Essen"]
[Date "2000.05.04"]
[Round "7"]
[White "Podzielny, Karl Heinz"]
[Black "Siebrecht, Sebastian"]
[Result "1-0"]
[WhiteElo "2506"]
[BlackElo "2373"]
[Annotator "Horn,Pe"]
[PlyCount "73"]
[EventDate "2000.04.27"]
[EventType "tourn"]
[EventRounds "9"]
[EventCountry "GER"]
[EventCategory "10"]
[SourceTitle "CBM 077"]
[Source "ChessBase"]
[SourceDate "2000.07.27"]
[SourceVersion "1"]
[SourceVersionDate "2000.07.27"]
[SourceQuality "1"]

1. Nf3 d5 2. g3 c6 3. b3 Bg4 4. Bg2 Nd7 5. Bb2 Ngf6 6. O-O Qc7 {[%cal Ye7e5]}
7. c4 {Mit diesem Zug versucht Weiß Qc7 als ungenau zu brandmarken: Nach einem
Tausch auf d5 kann die Qc7 auf der c-Linie belästigt werden.} e6 {Bei Bedarf
schlägt Schwarz jetzt mit Pe6xd5 zurück.} ({Dolmatovs Wahl} 7... dxc4 8. bxc4
e5 {gefällt mir besser: Schwarz verhindert die Tauschdrohung auf d5 endgültig
und setzt e5 durch.} 9. d3 (9. Nc3 Be7 10. d3 O-O 11. Nd2 Rad8 12. Qc2 Nc5 13.
Nb3 Rfe8 14. Kh1 Qd7 15. f3 Bh5 16. Rad1 Nxb3 17. axb3 Bc5 $11 {Larsen,
B-Sadler,M/London 1991}) 9... Bd6 10. Nbd2 (10. Nc3 Nc5 11. Ng5 O-O 12. Rb1
Rad8 13. Qc2 h6 14. Nge4 Nfxe4 15. Nxe4 Nxe4 16. Bxe4 {1/2-1/2 Fries Nielsen,
J-Dolmatov,S/Graz 1978}) 10... O-O 11. h3 Bh5 12. g4 (12. Qc2 Rfe8 13. Rfe1
Rad8 14. Bc3 Nc5 15. Nh4 Nfd7 16. e3 f6 17. d4 Ne6 18. c5 Bf8 19. Nc4 exd4 20.
exd4 b6 $11 {Chuchelov,V-Jacoby,F/Hamburg 1997}) 12... Bg6 13. Nh4 Rfe8 14. g5
Nh5 15. Nxg6 hxg6 16. e3 Be7 17. h4 Rad8 18. Nb3 Nf8 19. Qe2 f6 20. gxf6 gxf6
21. d4 exd4 22. Nxd4 Bd6 $15 {Martinovic,S-Dolmatov,S/Amsterdam 1986}) ({
Ein riskanter Versuch war} 7... Bxf3 8. Bxf3 Ne5 9. Bg2 dxc4 10. Na3 cxb3 11.
Qxb3 $44 {Norwood,D-Schmidt,S/Germany 1998}) 8. d3 Bd6 9. Nbd2 O-O 10. Rc1 Rfe8
11. Re1 $146 {Nur ein klein wenig anders:} (11. Qc2 Rad8 12. Rfe1 Qb8 13. a3 a5
{Kostic,V-Zumtobel,T/Goetzis 1995}) (11. h3 Bh5 (11... Bxf3 12. Nxf3 a5 13. a3
Ne5 14. Nd2 Qe7 15. Rc2 h5 {Schoof,M-Teschner,D/Hamburg 1992}) 12. g4 Bg6 13.
cxd5 exd5 14. Nd4 h6 15. N2f3 Qb6 16. Nh4 Be5 17. Nhf3 Bd6 18. Rc2 c5 19. Nf5
Bxf5 20. gxf5 d4 $17 {Bezold,M-Carlsson,D/Copenhagen 1997}) (11. Rc2 Qa5 12.
Qa1 e5 13. cxd5 cxd5 14. e4 Qa6 15. exd5 Qxd3 16. Ne1 Qa6 17. Nc4 $13 {
Karlsson,L-Lyrberg,P/Hamburg 1993}) 11... Rad8 12. Rc2 {[%cal Yd1a1] Ähnlich
wie Karlsson, der das schon einen Zug vorher spielte.} e5 {Kommt ein wenig
überraschend, da Schwarz nach} 13. cxd5 {mit dem N schlagen muß:} Nxd5 {
Nun ist eine "Sizilianische" Bauernstruktur mit vertauschten Farben entstanden.
} 14. a3 Bf8 15. Qa1 N5f6 16. Nh4 {Verhindert die Auflösung im Zentrum.} (16.
Nc4 e4) 16... a6 17. b4 Nb6 {[%cal Yb6a4]} 18. h3 Bc8 (18... Bh5 19. g4 $14)
19. Qc1 Qb8 20. Nb3 Na4 21. Ba1 Qa7 {Ob Schwarz das mit 16..a6 im Auge hatte ?
Er richtet alle Figuren gegen das Vorpostenfeld c5.} ({Hier und im folgenden
war} 21... Bd6 {zu erwägen.}) 22. Nf3 Nd7 23. Rc4 {Das finde ich einen
überraschenden Zug, da nach} Nab6 {das Ziel des Turms nicht einfach
ersichtlich ist (c2 kann es nicht sein).} 24. Re4 {Ein wirklich nicht
alltägliches Bild: der Re4 begibt sich mitten ins Getümmel; selbst wenn man in
Betracht zieht, daß die schwarzen Figuren am Damenflügel keine Bäume ausreißen,
gehören dazu starke Nerven.} f5 ({Auch auf} 24... Bd6 {mußte Podzielny gefaßt
sein.} 25. d4 (25. Nc5 f5 26. Rc4 Nxc4 27. Qxc4+ Kh8 28. Ng5 Re7 {gefällt mir
weniger, da zwar Weiß die Qualität wiederbekommt, aber einen Bauern dabei
verliert.}) 25... f5 26. Rxe5 Nxe5 27. dxe5 $44 {Weiß hat einen Bauern für die
Qualität; dazu kommt immer die abseits stehende Qa7, so daß er insgesamt
zufrieden sein könnte. Nach baldigem e2-e4 könnte sich ein Spiel gegen den Kg8
ergeben.}) 25. Rc4 h6 ({Der Gewinn der Qualität hält nicht lange:} 25... Nxc4
26. Qxc4+ Kh8 27. Ng5 {denn nun muß Schwarz froh sein, mit} Re7 {die Qualität
wieder hergeben zu können:} 28. Nf7+ ({Schlauer wäre es, Nf7 zu verzögern, da
der Braten nicht wegläuft:} 28. d4 $1 exd4 (28... e4 29. Nf7+ Rxf7 30. Qxf7 $16
) 29. Nf7+ Rxf7 30. Qxf7 $16) 28... Rxf7 29. Qxf7 Bd6 30. d4 (30. Qxf5 $4 Rf8
$19) 30... Rf8 $14 {Das Vertreiben der Qf7 verbessert die schwarzen
Verteidungsaussichten deutlich.}) ({Wenn Schwarz die Qualität behalten wollte,
konnte er} 25... e4 26. dxe4 fxe4 27. Ng5 h6 {versuchen, aber nach} 28. Nxe4 ({
Auch das Figurenopfer} 28. Rxe4 hxg5 29. Qxg5 {kommt in Betracht, da die
Kräfte am Damenflügel nicht so schnell an den Kampfplatz zu transportieren
sind, z.B.} Qb8 30. Qh5) 28... Nxc4 29. Qxc4+ Kh8 30. Qf7 {möchte ich nicht in
der Haut der schwarzen Majestät stecken: es riecht nach Guillotine.}) 26. e4 $1
{Podzielny hat offensichtlich Gefallen an dem Qualitätsopfer gefunden. Ein
Rückzug wäre auch ein wenig kleinmütig.} Nf6 (26... Nxc4 27. Qxc4+ Kh8 28. exf5
$44 {Hier braucht man nicht unbedingt weiterzurechnen: die agilen weißen
Figuren machen das geringe materielle Defizit mehr als wett.}) 27. Nc5 {
Keine Kompromisse!} (27. Rc2 Rxd3 28. Nc5 {war auch möglich, aber sicher nicht
so konsequent.}) 27... Nxc4 (27... fxe4 28. dxe4 Nxc4 29. Qxc4+ Kh7 30. Nxe5
$44) 28. Qxc4+ Kh7 29. Nxe5 b5 {Durchaus nicht unbedenklich: der Pc6 wird
geschwächt; dafür darf die Qa7 wieder mitspielen.} (29... Bd6 {versucht, ohne
zusätzliche Schwächung auszukommen, z.B.:} 30. f4 Nd7 31. d4 Nxe5 32. fxe5 $44
{und Weiß entfaltet eine kräftige Initiative.}) 30. Qc2 Bxc5 31. bxc5 fxe4 $2 {
Ein durchaus nicht seltenes Ereignis: dem unter schweren Druck gesetzen Gegner
unterläuft ein taktisches Übersehen. Er hätte ahnen können, daß die Öffnung
der Diagonale c2-h7 nicht Gutes für ihn bedeuten kann.} (31... Qc7 32. f4 $44 {
Weiß hat schönes Spiel, aber Schwarz hat die unmittelbaren Drohungen im Griff.}
{Nach z.B.} Re7 {bringt} 33. exf5 Bxf5 {keinen Ertrag, da Weiß sich nicht auf
c6 bedienen sollte.}) 32. dxe4 Qc7 (32... Bd7 33. Nf7 Rb8 34. Nd6 $18) 33. Nxc6
$1 $18 {Das muß Siebrecht entgangen sein.} Rd7 (33... Qxc6 34. e5+) 34. Bxf6
gxf6 35. e5+ Kh8 36. Qg6 Rf8 37. Qxh6+ 1-0